MARC

LEADER 00000nam0a2200000 4500
001 58038
005 20231031054712.0
035 |a (RuTPU)RU\TPU\book\61267 
090 |a 58038 
100 |a 20031120d1976 km y0rusy50 ca 
101 0 |a rus 
102 |a RU 
105 |a a g 001zy 
200 1 |a Радиационная стойкость материалов радиотехнических конструкций  |e Справочник  |f В. К. Князев, Н. А. Сидоров, В. Г. Курбаков, Г. В. Касьянов  |g Под ред. Н. А. Сидорова, В. К. Князева 
210 |a Москва  |c Советское радио  |d 1976 
215 |a 567 с.  |c ил. 
320 |a Библиогр.: с. 555-565. 
610 1 |a радиотехника 
610 1 |a радиотехнические материалы 
610 1 |a радиотехнические устройства 
610 1 |a радиационная стойкость 
610 1 |a радиационная защита 
610 1 |a радиоаппаратура 
610 1 |a производство 
610 1 |a материаловедение 
610 1 |a справочники 
610 1 |a ионизирующие излучения 
610 1 |a действие 
675 |a 621.396.002.3(035)  |v 3 
675 |a 539.16.06(035)  |v 3 
701 1 |a Князев  |b В. К.  |g Валерий Константинович 
701 1 |a Сидоров  |b Н. А.  |g Николай Андреевич 
701 1 |a Курбаков  |b В. Г.  |g Виктор Георгиевич 
701 1 |a Касьянов  |b Г. В.  |g Геннадий Владимирович 
702 1 |a Сидоров  |b Н. А.  |g Николай Андреевич  |4 340 
702 1 |a Князев  |b В. К.  |g Валерий Константинович  |4 340 
801 1 |a RU  |b 63413507  |c 20031120  |g PSBO 
801 2 |a RU  |b 63413507  |c 20211201  |g PSBO 
942 |c BK